| 000 | 01252cab a2200229 4500 | ||
|---|---|---|---|
| 001 | ABS68836 | ||
| 008 | 050324n2005 000 0 eng u | ||
| 035 | _a(Sirsi) u129160 | ||
| 100 | _aSpence, P. | ||
| 245 | _aHow to combat a killer | ||
| 260 | _c2005 | ||
| 490 |
_aEstates Gazette _v(0506) 12 February 2005, 138(1) |
||
| 520 | _aPoints out that asbestos surveyors will need special training and insurance to inspect the 1.5m buildings that require surveys. Summarises the issues surrounding asbestos inspections as outlined in the Control of Asbestos at Work Regulations 2002. RICS has recently announced obtaining professional indemnity for its members to carry out asbestos surveys, but they must first successfully complete a training course. Training course provision has been delayed due to the reluctance of the insurance industry to cover the surveyors. Suggests the backlog of surveys needed will take building surveyors four or five years to complete. | ||
| 590 | _aABS | ||
| 650 | _aCONTROL OF ASBESTOS AT WORK REGULATIONS 2002 | ||
| 650 | _aPROFESSIONAL INDEMNITY INSURANCE | ||
| 650 | _aBUILDING SURVEYS | ||
| 650 | _aCAREERS, EDUCATION AND TRAINING | ||
| 690 |
_aInsurance _96249 |
||
| 700 | _aZuckerman, M. | ||
| 942 | _n0 | ||
| 999 |
_c74976 _d74976 |
||